000 01037nam a2200229Ia 4500
999 _c39739
_d39739
001 6344
003 GE_BSU
005 20191003154327.0
008 181216s1969||||ge |||||||||||||| ||geo||
040 _cGE_BSU
041 _ageo
080 _a821.353.1-32 ბ-29
100 _aბასილაია, აპოლონ
_94473
245 _aელვის ცისფერი გზები :
_bფანტასტიკური მოთხრობა /
_cაპოლონ ბასილაია ; რედ. ო. ყანჩელი ; მხატვ. ა. გახარია.
264 _aთბილისი :
_bნაკადული ;
_c1969.
300 _a115 გვ. ;
_c16 სმ.
653 _aელვის ცისფერი გზები
653 _aფანტასტიკური მოთხრობა
700 _aყანჩელი, ო.
_eრედაქტორი
_94477
700 _aგახარია, ა.
_eმხატვარი
_94478
942 _cBK
_2udc